| 000 | 00835nam a22002297a 4500 | ||
|---|---|---|---|
| 003 | 0 | ||
| 005 | 20241122121504.0 | ||
| 008 | 241122b xxu||||| |||| 00| 0 eng d | ||
| 020 | _a9780323825368 | ||
| 050 |
_aRT 49 _b.Sn68 2024 |
||
| 100 |
_aSnyder, Julie S., _eauthor. |
||
| 245 |
_aSwearingen's all-in-one nursing care planning resource : _bmedical-surgical, pediatric, maternity, and psychiatric-mental health / _cJulie S. Snyder, Christine A. Sump. |
||
| 250 | _a6th ed. | ||
| 260 |
_aSt. Louis, Missouri : _bElsevier, _c2024. |
||
| 300 |
_axii, 825 p. ; _c28 cm. |
||
| 504 | _aIncludes bibliographical references and index. | ||
| 650 |
_aNursing process _vOrganization & administration. |
||
| 650 |
_aNursing care _vMethods. |
||
| 650 | _aPatient care planning. | ||
| 700 |
_aSump, Christine A., _eauthor. |
||
| 942 |
_2lcc _cBK |
||
| 999 |
_c366799 _d366799 |
||